Größte Flughäfen nach Passagieraufkommen (2021) - Statistiken

Allgemein
  • Dieses Quiz wurde 167 mal gespielt
  • Das Durchschnittsergebnis liegt bei 4 aus 10
Antwortstatistiken
Passagiere Flughafen % Korrekt
42,92 Millionen Atlanta
82%
34,51 Millionen Peking
79%
31,17 Millionen Shanghai
70%
43,77 Millionen Guangzhou
37%
39,36 Millionen Dallas/Fort Worth
30%
33,74 Millionen Denver
20%
37,92 Millionen Shenzhen
19%
31,07 Millionen Xi'an
19%
40,74 Millionen Chengdu
13%
32,99 Millionen Kunming Changshui
6%
Keine übereinstimmenden Quizze gefunden
Verteilung der Resultate
Anzahl Personen mit jedem Resultat
Perzentil nach korrekt beantworteten Fragen
Ihre Resultats-Entwicklung
Sie haben dieses Quiz noch nicht gespielt